000
00283nam a2200121Ia 4500
008
191201s2002 xx 000 0 und d
100
_a
NICODEMI,Olympia
245
0
_a
Discrete Mathematics
260
_a
N. delhi
_b
CBS PUB
_c
2002
300
_a
491
650
_a
MCA
942
_2
ddc
_c
BK
_0
2
999
_c
6276
_d
6276